Sztuka Starożytnego Rzymu #1 - Statystyki

Ogólne statystyki
  • Ten quiz został rozwiązany 9 razy
  • Średni wynik to 7 z 29
Statystyki odpowiedzi
Obrazkowy Hint Odpowiedź % Poprawnych
3.Okres Cesarstwa 72-80r.n.e Koloseum | Amfiteatr Flawiuszów
100%
2.Okres Republiki 6Wp.n.e-4Wn.e Circus Maximus
40%
3.Okres Cesarstwa 125r.n.e Plan Panteonu
40%
3.Okres Cesarstwa 125r.n.e Wnetrze Panteonu
40%
3.Okres Cesarstwa 125r.n.e Twórca i nazwa Apollodoros-Panteon
20%
1.Okres Królewski 7Wp.n.e Dom Westalek
20%
3.Okres Cesarstwa 2r.p.n.e Forum Augusta
20%
3.Okres Cesarstwa 2r.p.n.e Forum Augusta
20%
2.Okres Republiki 54r.p.n.e Forum Cezara
20%
3.Okres Cesarstwa 112r.n.e Forum Trajana
20%
Fresk z Pompej
20%
Fresk z Pompej
20%
3.Okres Cesarstwa 113r.n.e Frys z kolumny Trajana
20%
1.Okres Królewski 608r.p.n.e Kolumna Fokasa
20%
3.Okres Cesarstwa 180-196r.n.e Kolumna Marka Aureliusza
20%
3.Okres Cesarstwa 312-315r.n.e Łuk Konstantyna
20%
Panna z bogatego rodu | Dama z bogatego rodu
20%
3.Okres Cesarstwa 175r.n.e Posąg konny Marka Aureliusza
20%
3.Okres Cesarstwa 11-2r.p.n.e Statua Barberini
20%
1.Okres Królewski 6-5Wp.n.e Świątynia Saturna
20%
1.Okres Królewski 7Wp.n.e Świątynia Westy
20%
2.Okres Republiki 1Wp.n.e Świątynia Westy w Tivoli
20%
2.Okres Republiki 2Wp.n.e Walka Aleksandra z Dariuszem pod Lssos
20%
3.Okres Cesarstwa kon.1Wp.n.e Waza Portlandzka
20%
3.Okres Cesarstwa 1W Wielka kamea Francji
20%
3.Okres Cesarstwa 118-134r.n.e Willa Hadriana
20%
3.Okres Cesarstwa 2W Willa Hadriana w Tivoli
20%
3.Okres Cesarstwa 68r.n.e Złoty dom Nerona
20%
2.Okres Republiki Ok.40r.p.n.e Mauzolea Cecyli Mateli w Rzymie
0%
Nie znaleziono quizów pasujących do podanych kryteriów
Rozkład punktacji
Procent ludzi z każdym wynikiem
Percentyl według liczby udzielonych odpowiedzi
Twoja historia wyników
Nie rozwiązałeś tego quizu